Loading...
| Beliefs | 7 | 11.43 | 100% | 14% | 0% |
| Current Events | 3 | 10.00 | 100% | 0% | 0% |
| Fine Arts - Auditory Fine Arts | 5 | 18.00 | 100% | 60% | 20% |
| Fine Arts - Other Arts | 1 | 20.00 | 100% | 100% | 0% |
| Fine Arts - Visual Fine Arts | 5 | 14.00 | 100% | 0% | 40% |
| Geography | 3 | 16.67 | 100% | 67% | 0% |
| History - American History | 4 | 12.50 | 100% | 25% | 0% |
| History - European History | 6 | 13.33 | 83% | 50% | 0% |
| History - World History | 3 | 16.67 | 100% | 33% | 33% |
| Literature - American Literature | 5 | 24.00 | 100% | 100% | 40% |
| Literature - British Literature | 5 | 22.00 | 100% | 100% | 20% |
| Literature - European Literature | 5 | 26.00 | 100% | 100% | 60% |
| Other Academic | 2 | 10.00 | 50% | 50% | 0% |
| Other Arts: Auditory | 4 | 12.50 | 75% | 25% | 25% |
| Other Arts: Visual | 1 | 10.00 | 100% | 0% | 0% |
| Other Science: Astronomy | 1 | 30.00 | 100% | 100% | 100% |
| Other Science: Computer Science | 2 | 15.00 | 100% | 50% | 0% |
| Other Science: Earth Science | 1 | 20.00 | 100% | 100% | 0% |
| Other Science: Math | 1 | 20.00 | 100% | 100% | 0% |
| Philosophy | 3 | 16.67 | 100% | 67% | 0% |
| Science - Biology | 4 | 25.00 | 100% | 100% | 50% |
| Science - Chemistry | 5 | 18.00 | 100% | 80% | 0% |
| Science - Physics | 5 | 14.00 | 100% | 40% | 0% |
| Social Science | 5 | 16.00 | 100% | 60% | 0% |
| 6 | 15.00 | 83% | 67% | 0% |